000 004290000a22001690004500
003 MACL
005 20151231161015.0
008 151231b xxu||||| |||| 00| 0 eng d
040 _aMACL
_cMACL
041 _aEnglish
082 _a330/ELL
100 _aEllsworth, P T
_925914
245 _aThe International Economy
260 _bThe Macmillan Company
_c1956
_aNew York
650 _aEconomics
_925915
942 _cBK
_k330/ELL
_2ddc
999 _c34859
_d34859